[Event "Hafnarfjordur op"]
[Site "Hafnarfjordur"]
[Date "1995.??.??"]
[Round "8"]
[White "Bjarnason, Saevar"]
[Black "Leosson, Torfi"]
[Result "0-1"]
[WhiteElo "2310"]
[BlackElo "2160"]
[PlyCount "76"]
[EventDate "1995.??.??"]
[EventType "swiss"]
[EventRounds "9"]
[EventCountry "ISL"]
[SourceTitle "EXT 1998"]
[Source "ChessBase"]
[SourceDate "1997.11.17"]
[SourceVersion "1"]
[SourceVersionDate "1997.11.17"]
[SourceQuality "1"]

1. d4 g6 2. e4 d6 3. c3 Nf6 4. Bd3 Bg7 5. f4 0-0 6. Nf3 c5 7. e5 Nfd7 8. 0-0 cxd4 9. cxd4 dxe5 10. fxe5 Nc6 11. Be3 Nb6 12. h3 f6 13. exf6 exf6 14. Nc3 Be6 15. Qe2 Kh8 16. Qf2 f5 17. Bg5 Qd7 18. Rad1 Nxd4 19. Bb5 Nxf3+ 20. Qxf3 Qf7 21. Rfe1 a6 22. Bf1 Rae8 23. Be3 Nc4 24. Bc5 Rg8 25. b3 Ne5 26. Qf2 Nc6 27. Ne2 b5 28. Rd6 Ne5 29. Nf4 Bc8 30. Qd2 Bf8 31. Rd5 Bg7 32. Rd1 Bb7 33. Rd4 Rc8 34. Bd6 Rge8 35. Qa5 Nc6 36. Qb6 Nxd4 37. Rxd4 Rc6 38. Qa7 Ra8 0-1